000 00334 a2200145 4500
001 153737
040 _cEscola São Tomás de Aquino
100 _aGIANNI Rodari
240 1 0 _aZero, pra que te quero?
_lpor
245 1 0 _aZero, pra que te quero?
362 0 _a2014
440 1 _aFTD
697 _a*LITERATURA INFANTO
942 _cBK
999 _c153737
_d153737